LEADER 03159nam 22006255 450 001 9910763596803321 005 20231114052416.0 010 $a981-9975-96-4 024 7 $a10.1007/978-981-99-7596-9 035 $a(CKB)28853209400041 035 $a(MiAaPQ)EBC30943612 035 $a(Au-PeEL)EBL30943612 035 $a(DE-He213)978-981-99-7596-9 035 $a(EXLCZ)9928853209400041 100 $a20231114d2024 u| 0 101 0 $aeng 135 $aur||||||||||| 181 $ctxt$2rdacontent 182 $cc$2rdamedia 183 $acr$2rdacarrier 200 10$aSocial Media Processing $e11th Chinese National Conference, SMP 2023, Anhui, China, November 23?26, 2023, Proceedings /$fedited by Feng Wu, Xuanjing Huang, Xiangnan He, Jiliang Tang, Shu Zhao, Daifeng Li, Jing Zhang 205 $a1st ed. 2024. 210 1$aSingapore :$cSpringer Nature Singapore :$cImprint: Springer,$d2024. 215 $a1 online resource (246 pages) 225 1 $aCommunications in Computer and Information Science,$x1865-0937 ;$v1945 311 08$a9789819975952 320 $aIncludes bibliographical references and index. 327 $aKnowledge Representation and Reasoning -- Knowledge Acquisition and Knowledge Base Construction -- Linked Data, Knowledge Integration, and Knowledge Graph Storage Management -- Natural Language Understanding and Semantic Computing -- Knowledge Graph Applications -- Knowledge Graph Open Resources. 330 $aThis book constitutes the thoroughly refereed proceedings of the 11th Chinese National Conference of Social Media Processing, SMP 2023, held in Anhui, China, in November 2023. The 16 full papers presented were carefully reviewed and selected from 88 submissions. The papers are organized in the topical sections on knowledge representation and reasoning; knowledge acquisition and knowledge base construction; linked data, knowledge integration, and knowledge graph storage management; natural language understanding and semantic computing; knowledge graph applications; knowledge graph open resources. 410 0$aCommunications in Computer and Information Science,$x1865-0937 ;$v1945 606 $aArtificial intelligence 606 $aData mining 606 $aSocial sciences$xData processing 606 $aInformation storage and retrieval systems 606 $aArtificial Intelligence 606 $aData Mining and Knowledge Discovery 606 $aComputer Application in Social and Behavioral Sciences 606 $aInformation Storage and Retrieval 615 0$aArtificial intelligence. 615 0$aData mining. 615 0$aSocial sciences$xData processing. 615 0$aInformation storage and retrieval systems. 615 14$aArtificial Intelligence. 615 24$aData Mining and Knowledge Discovery. 615 24$aComputer Application in Social and Behavioral Sciences. 615 24$aInformation Storage and Retrieval. 676 $a006.3 702 $aWu$b Feng 801 0$bMiAaPQ 801 1$bMiAaPQ 801 2$bMiAaPQ 906 $aBOOK 912 $a9910763596803321 996 $aSocial Media Processing$92111564 997 $aUNINA